00976nam0a22002291 4500001001000000005001700010035002600027100004100053101000800094102000700102105001800109200023100127210004100358215002100399300010600420320003400526700006000560701006800620801001800688801002200706852001800728rc\52569620250621120830.0 a(NLR Aleph) 005764327 a20030616d1987 |||y0rusy50 ca0 arus aRU ay |||||||||1 aОрганизация травматологической помощи сельскому населениюe(Регион. анализ)fОтв. ред. Н.А. ТестемицануgКишин. гос. мед. ин-т aКишиневcШтиинцаd1987 a104, [2] с.d22 aПеред вып. дан. 2-й авт.: Таштемир Эманкулович [!] Унгбаев aБиблиогр.: с. 99-105 1aПрисакарьbИ.Ф.gИван Федорович 1aУнгбаевbТ.Э.gТаштемир Эшанкулович 0aRUbNLRgpsbo 1aRUbELAR2rusmarc aNLRj88-5/820